00422nam a22001572 4500001001100000005001700011008004100028040001500069100003200084245004700116250001300163260003600176300001100212650003800223852000300261000001179520151217155848.0090108s xx 000 0 eng d aKABUcKABU1 aOliver, Roland.@000014963510aHow christian is Africa? /cRoland Oliver. a1st ed. aLondon :bHighway Press,c1956. a24 p. 0aChristianityzAfrica.@00001488541